| 000 | 00976cam a22003137a 4500 | ||
|---|---|---|---|
| 003 | CHAP | ||
| 005 | 20220329134755.0 | ||
| 008 | 971013s1978 r 00010 d | ||
| 010 | _a25686 | ||
| 011 | _a26658 | ||
| 035 | _a30759 | ||
| 040 | _cCHAP | ||
| 090 | _aFolleto 4521 | ||
| 100 | 0 | 0 |
_aBuishand, T. A. _916007 |
| 245 | 1 | 4 | _aThe spectral analysis of daily rainfall sequences |
| 260 |
_aWageningen : _bVeenman & Zonen, _c1978 |
||
| 300 | _a29 p. | ||
| 490 | 0 |
_aMededelingen Landbouwhogeschool _v; 78-8 |
|
| 590 |
_aBATCH-UPD _b10 _c20130110 _lUCH01 _h1808 |
||
| 590 |
_aBATCH-UPD _b10 _c20130410 _lUCH01 _h1143 |
||
| 590 |
_aBATCH-UPD _b10 _c20130914 _lUCH01 _h0347 |
||
| 590 |
_aCONVERSION _b10 _c20130109 _lUCH01 _h1315 |
||
| 650 | 1 | 4 |
_aAnálisis espectrométrico. _95983 |
| 650 | 1 | 4 |
_aLluvia _xMedición. _967325 |
| 830 | 0 |
_aMededelingen Landbouwhogeschool _v; 78-8 _973858 |
|
| 901 | _aBK | ||
| 942 | _cFOLL | ||
| 949 |
_aFolleto 4521 _bBC _cFOLL _d-71140 _eTS1 _i30759 _si |
||
| 999 |
_c25686 _d25686 |
||